[Event "399 Stay Safe Play From Home series"]
[Site "Emanuel Lasker Arena"]
[Date "2020.08.20"]
[Round "5"]
[White "AChessPlayer"]
[Black "ionelluca"]
[Result "1-0"]
[WhiteElo "2435"]
[BlackElo "2028"]
[PlyCount "119"]
[EventDate "2020.08.20"]
[EventType "swiss (blitz)"]

1. d4 {[%emt 0:00:01]} d6 {[%emt 0:00:02]} 2. c4 {[%emt 0:00:01]} e6 {[%emt 0:00:01]} 3. Nc3 {[%emt 0:00:01]} Nd7 {[%emt 0:00:01]} 4. e4 {[%emt 0:00:01]} c5 {[%emt 0:00:02]} 5. d5 {[%emt 0:00:01]} e5 {[%emt 0:00:01]} 6. Nf3 {[%emt 0:00:01]} a6 {[%emt 0:00:05]} 7. a4 {[%emt 0:00:02]} b6 {[%emt 0:00:01]} 8. Bd3 {[%emt 0:00:00]} Ndf6 {[%emt 0:00:01]} 9. h3 {[%emt 0:00:01]} Ne7 {[%emt 0:00:01]} 10. g3 {[%emt 0:00:03]} Ng6 {[%emt 0:00:01]} 11. Nd2 {[%emt 0:00:03]} Be7 {[%emt 0:00:01]} 12. Nf1 {[%emt 0:00:01]} h5 {[%emt 0:00:04]} 13. h4 {[%emt 0:00:01]} Ng4 {[%emt 0:00:02]} 14. f3 {[%emt 0:00:06]} Nh6 {[%emt 0:00:05]} 15. Be3 {[%emt 0:00:10]} Bd7 {[%emt 0:00:04]} 16. Qe2 {[%emt 0:00:15]} Rb8 {[%emt 0:00:06]} 17. Kd2 {[%emt 0:00:01]} Qc8 {[%emt 0:00:06]} 18. Kc2 {[%emt 0:00:01]} Rf8 {[%emt 0:00:05]} 19. Nd2 {[%emt 0:00:05]} Qd8 {[%emt 0:00:17]} 20. f4 {[%emt 0:00:14]} Ng4 {[%emt 0:00:02]} 21. f5 {[%emt 0:00:06]} Nxe3+ {[%emt 0:00:04]} 22. Qxe3 {[%emt 0:00:02]} Nh8 {[%emt 0:00:01]} 23. Be2 {[%emt 0:00:06]} g6 {[%emt 0:00:02]} 24. g4 {[%emt 0:00:01]} Bxh4 {[%emt 0:00:29]} 25. Qh3 {[%emt 0:00:03]} Bg5 {[%emt 0:00:04]} 26. gxh5 {[%emt 0:00:01]} Bxd2 {[%emt 0:00:02]} 27. Kxd2 {[%emt 0:00:00]} Qg5+ {[%emt 0:00:01]} 28. Qe3 {[%emt 0:00:10]} Qxe3+ {[%emt 0:00:03]} 29. Kxe3 {[%emt 0:00:00]} gxf5 {[%emt 0:00:01]} 30. exf5 {[%emt 0:00:00]} Bxf5 {[%emt 0:00:01]} 31. Rhf1 {[%emt 0:00:11]} Bh7 {[%emt 0:00:04]} 32. Rf6 {[%emt 0:00:02]} Ke7 {[%emt 0:00:01]} 33. Rh6 {[%emt 0:00:01]} Bf5 {[%emt 0:00:02]} 34. Rf1 {[%emt 0:00:04]} Bc2 {[%emt 0:00:01]} 35. Kd2 {[%emt 0:00:07]} Bb3 {[%emt 0:00:05]} 36. Ne4 {[%emt 0:00:04]} Rbd8 {[%emt 0:00:07]} 37. Rff6 {[%emt 0:00:05]} Bxa4 {[%emt 0:00:04]} 38. Rxd6 {[%emt 0:00:09]} Rxd6 {[%emt 0:00:03]} 39. Rxd6 {[%emt 0:00:02]} f5 {[%emt 0:00:13]} 40. Re6+ {[%emt 0:00:02]} Kd7 {[%emt 0:00:01]} 41. Nf6+ {[%emt 0:00:07]} Kc7 {[%emt 0:00:01]} 42. Nh7 {[%emt 0:00:05]} Rf7 {[%emt 0:00:02]} 43. Ng5 {[%emt 0:00:01]} Rg7 {[%emt 0:00:01]} 44. Nf3 {[%emt 0:00:05]} e4 {[%emt 0:00:00]} 45. Ne5 {[%emt 0:00:01]} Bd7 {[%emt 0:00:01]} 46. Nxd7 {[%emt 0:00:02]} Kxd7 {[%emt 0:00:01]} 47. Rxb6 {[%emt 0:00:01]} f4 {[%emt 0:00:00]} 48. Rb7+ {[%emt 0:00:02]} Kd6 {[%emt 0:00:00]} 49. Rxg7 {[%emt 0:00:00]} f3 {[%emt 0:00:01]} 50. Bxf3 {[%emt 0:00:00]} e3+ {[%emt 0:00:01]} 51. Kxe3 {[%emt 0:00:00]} Ke5 {[%emt 0:00:01]} 52. d6 {[%emt 0:00:01]} Kxd6 {[%emt 0:00:02]} 53. b3 {[%emt 0:00:00]} Ke6 {[%emt 0:00:02]} 54. Ra7 {[%emt 0:00:00]} Nf7 {[%emt 0:00:01]} 55. Bd5+ {[%emt 0:00:01]} Ke5 {[%emt 0:00:01]} 56. Rxf7 {[%emt 0:00:00]} a5 {[%emt 0:00:01]} 57. h6 {[%emt 0:00:00]} a4 {[%emt 0:00:01]} 58. h7 {[%emt 0:00:00]} axb3 {[%emt 0:00:00]} 59. h8=Q+ {[%emt 0:00:00]} Kd6 {[%emt 0:00:00]} 60. Qf6# {[%emt 0:00:00] (Lag: Av=0.52s, max=0.8s) (Lag: Av=0.52s, max=0.8s) (Lag: Av=0.52s, max=0.8s)} 1-0

[Event "399 Stay Safe Play From Home series"]
[Site "Emanuel Lasker Arena"]
[Date "2020.08.20"]
[Round "5"]
[White "Kongle"]
[Black "Zink11"]
[Result "1-0"]
[WhiteElo "1796"]
[BlackElo "1671"]
[Annotator "NA"]
[PlyCount "59"]
[EventDate "2020.08.20"]
[EventType "swiss (blitz)"]

1. d4 {[%emt 0:00:04]} d5 {[%emt 0:00:02]} 2. c4 {[%emt 0:00:01]} e6 {[%emt 0:00:02]} 3. Nc3 {[%emt 0:00:01]} Nf6 {[%emt 0:00:01]} 4. Bg5 {[%emt 0:00:02]} Be7 {[%emt 0:00:01]} 5. e3 {[%emt 0:00:01]} O-O {[%emt 0:00:01]} 6. Nf3 {[%emt 0:00:01]} Nbd7 {[%emt 0:00:04]} 7. Bd3 {[%emt 0:00:00]} dxc4 {[%emt 0:00:03]} 8. Bxc4 {[%emt 0:00:02]} Nb6 {[%emt 0:00:01]} 9. Bd3 {[%emt 0:00:01]} Nbd5 {[%emt 0:00:01]} 10. O-O {[%emt 0:00:02]} h6 {[%emt 0:00:02]} 11. Bh4 {[%emt 0:00:02]} c6 {[%emt 0:00:02]} 12. Rc1 {[%emt 0:00:03]} Nb4 {[%emt 0:00:03]} 13. Bb1 {[%emt 0:00:02]} a5 {[%emt 0:00:02]} 14. a3 {[%emt 0:00:02]} Nbd5 {[%emt 0:00:03]} 15. Qc2 {[%emt 0:00:03]} Bd7 {[%emt 0:00:01]} 16. e4 {[%emt 0:00:03]} Nf4 {[%emt 0:00:05]} 17. Bxf6 {[%emt 0:00:04]} Bxf6 {[%emt 0:00:02]} 18. e5 {[%emt 0:00:01]} Ng6 {[%emt 0:00:15]} 19. exf6 {[%emt 0:00:03]} Qxf6 {[%emt 0:00:01]} 20. Ne5 {[%emt 0:00:02]} Rad8 {[%emt 0:00:07]} 21. f4 {[%emt 0:00:03]} c5 {[%emt 0:00:06]} 22. dxc5 {[%emt 0:00:05]} Bc6 {[%emt 0:00:05]} 23. h4 {[%emt 0:00:15]} Qxh4 {[%emt 0:00:10]} 24. Nxg6 {[%emt 0:00:04]} fxg6 {[%emt 0:00:08]} 25. Qxg6 {[%emt 0:00:07]} Rxf4 {[%emt 0:00:09]} 26. Qh7+ {[%emt 0:00:09]} Kf8 {[%emt 0:00:01]} 27. Rxf4+ {[%emt 0:00:06]} Qxf4 {[%emt 0:00:02]} 28. Rf1 {[%emt 0:00:01]} Rd2 {[%emt 0:00:06]} 29. Rxf4+ {[%emt 0:00:03] Zink11 resigns Zink11 resigns Zink11 resigns (Lag: Av=0.84s, max=2.8s) (Lag: Av=0.84s, max=2.8s) (Lag: Av=0.84s, max=2.8s)} Ke8 30. Qxg7 1-0

[Event "399 Stay Safe Play From Home series"]
[Site "Emanuel Lasker Arena"]
[Date "2020.08.20"]
[Round "5"]
[White "buzaglo"]
[Black "Aerocot"]
[Result "1-0"]
[WhiteElo "1745"]
[BlackElo "1678"]
[Annotator "NA"]
[PlyCount "77"]
[EventDate "2020.08.20"]
[EventType "swiss (blitz)"]

1. d4 {[%emt 0:00:01]} Nf6 {[%emt 0:00:04]} 2. Nf3 {[%emt 0:00:00]} e6 {[%emt 0:00:01]} 3. g3 {[%emt 0:00:00]} d5 {[%emt 0:00:00]} 4. Bg2 {[%emt 0:00:01]} Be7 {[%emt 0:00:00]} 5. O-O {[%emt 0:00:01]} O-O {[%emt 0:00:00]} 6. Nbd2 {[%emt 0:00:01]} c5 {[%emt 0:00:00]} 7. dxc5 {[%emt 0:00:02]} Bxc5 {[%emt 0:00:02]} 8. Nb3 {[%emt 0:00:00]} Be7 {[%emt 0:00:08]} 9. Bf4 {[%emt 0:00:02]} Nbd7 {[%emt 0:00:02]} 10. Rc1 {[%emt 0:00:01]} b5 {[%emt 0:00:03]} 11. a3 {[%emt 0:00:02]} a5 {[%emt 0:00:02]} 12. Nbd4 {[%emt 0:00:01]} b4 {[%emt 0:00:09]} 13. Nc6 {[%emt 0:00:05]} Qe8 {[%emt 0:00:02]} 14. Nxe7+ {[%emt 0:00:06]} Qxe7 {[%emt 0:00:01]} 15. c3 {[%emt 0:00:01]} e5 {[%emt 0:00:11]} 16. Bg5 {[%emt 0:00:09]} h6 {[%emt 0:00:02]} 17. Bd2 {[%emt 0:00:01]} bxc3 {[%emt 0:00:06]} 18. Bxc3 {[%emt 0:00:02]} d4 {[%emt 0:00:01]} 19. Bd2 {[%emt 0:00:04]} Bb7 {[%emt 0:00:03]} 20. Rc7 {[%emt 0:00:08]} Bd5 {[%emt 0:00:08]} 21. Qa4 {[%emt 0:00:08]} Qd6 {[%emt 0:00:08]} 22. Rfc1 {[%emt 0:00:02]} Nb6 {[%emt 0:00:22]} 23. Qb5 {[%emt 0:00:04]} e4 {[%emt 0:00:16]} 24. Nxd4 {[%emt 0:00:04]} e3 {[%emt 0:00:04]} 25. Bxe3 {[%emt 0:00:06]} Bxg2 {[%emt 0:00:02]} 26. Kxg2 {[%emt 0:00:00]} Qd5+ {[%emt 0:00:13]} 27. Kg1 {[%emt 0:00:10]} Qxb5 {[%emt 0:00:03]} 28. Nxb5 {[%emt 0:00:00]} Nbd5 {[%emt 0:00:01]} 29. Rb7 {[%emt 0:00:12]} Nxe3 {[%emt 0:00:02]} 30. fxe3 {[%emt 0:00:00]} Ng4 {[%emt 0:00:06]} 31. Rc3 {[%emt 0:00:05]} Rfe8 {[%emt 0:00:04]} 32. Nd6 {[%emt 0:00:06]} Rxe3 {[%emt 0:00:09]} 33. Rxe3 {[%emt 0:00:02]} Nxe3 {[%emt 0:00:01]} 34. Nxf7 {[%emt 0:00:03]} Rf8 {[%emt 0:00:02]} 35. Re7 {[%emt 0:00:10]} Nf5 {[%emt 0:00:15]} 36. Nxh6+ {[%emt 0:00:07]} Nxh6 {[%emt 0:00:03]} 37. Re5 {[%emt 0:00:02]} Ng4 {[%emt 0:00:02]} 38. Rg5 {[%emt 0:00:11]} Ne3 {[%emt 0:00:02]} 39. h4 {[%emt 0:00:07] Time Time Time (Lag: Av=1.17s, max=2.0s) (Lag: Av=1.17s, max=2.0s) (Lag: Av=1.17s, max=2.0s)} 1-0

[Event "399 Stay Safe Play From Home series"]
[Site "Emanuel Lasker Arena"]
[Date "2020.08.20"]
[Round "5"]
[White "Klasman"]
[Black "Mepe_Nika"]
[Result "0-1"]
[WhiteElo "1558"]
[BlackElo "2330"]
[PlyCount "48"]
[EventDate "2020.08.20"]
[EventType "swiss (blitz)"]

1. f4 {[%emt 0:00:03]} d5 {[%emt 0:00:02]} 2. e3 {[%emt 0:00:01]} Nf6 {[%emt 0:00:00]} 3. Nf3 {[%emt 0:00:01]} Bf5 {[%emt 0:00:01]} 4. d4 {[%emt 0:00:02]} e6 {[%emt 0:00:02]} 5. Bd3 {[%emt 0:00:01]} Bd6 {[%emt 0:00:11]} 6. Nc3 {[%emt 0:00:02]} O-O {[%emt 0:00:01]} 7. Bd2 {[%emt 0:00:01]} Bxd3 {[%emt 0:00:11]} 8. cxd3 {[%emt 0:00:02]} c5 {[%emt 0:00:00]} 9. O-O {[%emt 0:00:03]} Nc6 {[%emt 0:00:01]} 10. dxc5 {[%emt 0:00:02]} Bxc5 {[%emt 0:00:00]} 11. d4 {[%emt 0:00:01]} Bb4 {[%emt 0:00:02]} 12. Ne5 {[%emt 0:00:02]} Bxc3 {[%emt 0:00:02]} 13. bxc3 {[%emt 0:00:02]} Nxe5 {[%emt 0:00:01]} 14. fxe5 {[%emt 0:00:01]} Ne4 {[%emt 0:00:00]} 15. Rf4 {[%emt 0:00:04]} Rc8 {[%emt 0:00:01]} 16. Qc2 {[%emt 0:00:03]} f6 {[%emt 0:00:03]} 17. Rxe4 {[%emt 0:00:01]} dxe4 {[%emt 0:00:00]} 18. Qxe4 {[%emt 0:00:02]} Qd5 {[%emt 0:00:01]} 19. Qd3 {[%emt 0:00:03]} fxe5 {[%emt 0:00:01]} 20. e4 {[%emt 0:00:03]} Qd7 {[%emt 0:00:01]} 21. Be3 {[%emt 0:00:15]} b5 {[%emt 0:00:05]} 22. Rb1 {[%emt 0:00:08]} a6 {[%emt 0:00:01]} 23. a4 {[%emt 0:00:02]} Rc4 {[%emt 0:00:03]} 24. axb5 {[%emt 0:00:03]} axb5 {[%emt 0:00:00] Klasman resigns Klasman resigns Klasman resigns (Lag: Av=0.45s, max=0.6s) (Lag: Av=0.45s, max=0.6s) (Lag: Av=0.45s, max=0.6s)} 0-1

[Event "399 Stay Safe Play From Home series"]
[Site "Emanuel Lasker Arena"]
[Date "2020.08.20"]
[Round "5"]
[White "Matematyk3"]
[Black "Padmaesh M K"]
[Result "0-1"]
[WhiteElo "1506"]
[BlackElo "1786"]
[Annotator "NA"]
[PlyCount "78"]
[EventDate "2020.08.20"]
[EventType "swiss (blitz)"]

1. d4 {[%emt 0:00:20]} Nf6 {[%emt 0:00:03]} 2. c4 {[%emt 0:00:09]} d5 {[%emt 0:00:00]} 3. Nc3 {[%emt 0:00:06]} e6 {[%emt 0:00:01]} 4. Nf3 {[%emt 0:00:02]} Bb4 {[%emt 0:00:02]} 5. e3 {[%emt 0:00:00]} O-O {[%emt 0:00:02]} 6. Bd2 {[%emt 0:00:02]} c5 {[%emt 0:00:02]} 7. cxd5 {[%emt 0:00:02]} exd5 {[%emt 0:00:01]} 8. a3 {[%emt 0:00:09]} Bxc3 {[%emt 0:00:02]} 9. Bxc3 {[%emt 0:00:02]} cxd4 {[%emt 0:00:02]} 10. Bxd4 {[%emt 0:00:02]} Be6 {[%emt 0:00:02]} 11. Bxf6 {[%emt 0:00:02]} Qxf6 {[%emt 0:00:02]} 12. Qd4 {[%emt 0:00:00]} Qxd4 {[%emt 0:00:05]} 13. Nxd4 {[%emt 0:00:00]} Nc6 {[%emt 0:00:02]} 14. Nxc6 {[%emt 0:00:06]} bxc6 {[%emt 0:00:01]} 15. Rc1 {[%emt 0:00:01]} Rfc8 {[%emt 0:00:05]} 16. Ba6 {[%emt 0:00:03]} Rc7 {[%emt 0:00:01]} 17. Rc5 {[%emt 0:00:02]} Rb8 {[%emt 0:00:01]} 18. b4 {[%emt 0:00:07]} Kf8 {[%emt 0:00:05]} 19. O-O {[%emt 0:00:02]} Ke7 {[%emt 0:00:01]} 20. Rfc1 {[%emt 0:00:02]} Kd6 {[%emt 0:00:01]} 21. b5 {[%emt 0:00:07]} Rb6 {[%emt 0:00:02]} 22. a4 {[%emt 0:00:11]} Bd7 {[%emt 0:00:07]} 23. Rd1 {[%emt 0:00:10]} cxb5 {[%emt 0:00:12] Matematyk3 reconnected. Matematyk3 reconnected. Matematyk3 reconnected. . . .} 24. Rdxd5+ {[%emt 0:00:34]} Ke7 {[%emt 0:00:22]} 25. Rxc7 {[%emt 0:00:04]} Rxa6 {[%emt 0:00:05]} 26. Rcxd7+ {[%emt 0:00:03]} Ke6 {[%emt 0:00:01]} 27. Rd8 {[%emt 0:00:03]} bxa4 {[%emt 0:00:03]} 28. e4 {[%emt 0:00:01]} a3 {[%emt 0:00:01]} 29. Re8+ {[%emt 0:00:04]} Kf6 {[%emt 0:00:02]} 30. g4 {[%emt 0:00:03]} a2 {[%emt 0:00:03]} 31. g5+ {[%emt 0:00:01]} Kg6 {[%emt 0:00:02]} 32. Rd1 {[%emt 0:00:07]} a1=Q {[%emt 0:00:01]} 33. Rxa1 {[%emt 0:00:00]} Rxa1+ {[%emt 0:00:01]} 34. Kg2 {[%emt 0:00:04]} Kxg5 {[%emt 0:00:00]} 35. Kg3 {[%emt 0:00:01]} a5 {[%emt 0:00:01]} 36. Rb8 {[%emt 0:00:02]} Ra3+ {[%emt 0:00:02]} 37. f3 {[%emt 0:00:04]} a4 {[%emt 0:00:01]} 38. Rb6 {[%emt 0:00:03]} f6 {[%emt 0:00:02]} 39. h4+ {[%emt 0:00:00]} Kg6 {[%emt 0:00:01] Time Time Time (Lag: Av=0.39s, max=1.0s) (Lag: Av=0.39s, max=1.0s) (Lag: Av=0.39s, max=1.0s)} 0-1

[Event "399 Stay Safe Play From Home series"]
[Site "Emanuel Lasker Arena"]
[Date "2020.08.20"]
[Round "6"]
[White "AChessPlayer"]
[Black "buzaglo"]
[Result "1-0"]
[WhiteElo "2438"]
[BlackElo "1759"]
[PlyCount "97"]
[EventDate "2020.08.20"]
[EventType "swiss (blitz)"]

1. e4 {[%emt 0:00:02]} e6 {[%emt 0:00:00]} 2. d4 {[%emt 0:00:01]} d5 {[%emt 0:00:00]} 3. Nc3 {[%emt 0:00:01]} c5 {[%emt 0:00:00]} 4. Nf3 {[%emt 0:00:08]} Nf6 {[%emt 0:00:04]} 5. Bb5+ {[%emt 0:00:09]} Bd7 {[%emt 0:00:02]} 6. exd5 {[%emt 0:00:07]} Bxb5 {[%emt 0:00:05]} 7. Nxb5 {[%emt 0:00:02]} Qa5+ {[%emt 0:00:01]} 8. Nc3 {[%emt 0:00:02]} exd5 {[%emt 0:00:04]} 9. O-O {[%emt 0:00:02]} Be7 {[%emt 0:00:12]} 10. Re1 {[%emt 0:00:04]} Nc6 {[%emt 0:00:01]} 11. dxc5 {[%emt 0:00:23]} O-O {[%emt 0:00:03]} 12. Nxd5 {[%emt 0:00:05]} Nxd5 {[%emt 0:00:09]} 13. Qxd5 {[%emt 0:00:00]} Qxc5 {[%emt 0:00:07]} 14. Qxc5 {[%emt 0:00:06]} Bxc5 {[%emt 0:00:00]} 15. Be3 {[%emt 0:00:04]} Bb4 {[%emt 0:00:01]} 16. c3 {[%emt 0:00:01]} Ba5 {[%emt 0:00:01]} 17. a4 {[%emt 0:00:01]} Rad8 {[%emt 0:00:04]} 18. b4 {[%emt 0:00:01]} Bc7 {[%emt 0:00:01]} 19. a5 {[%emt 0:00:02]} a6 {[%emt 0:00:02]} 20. Nd4 {[%emt 0:00:02]} Ne5 {[%emt 0:00:02]} 21. Rad1 {[%emt 0:00:04]} Ng4 {[%emt 0:00:10]} 22. h3 {[%emt 0:00:01]} Nxe3 {[%emt 0:00:03]} 23. Rxe3 {[%emt 0:00:00]} h6 {[%emt 0:00:07]} 24. Re7 {[%emt 0:00:02]} Rc8 {[%emt 0:00:13]} 25. Rd3 {[%emt 0:00:03]} Rfd8 {[%emt 0:00:02]} 26. Kf1 {[%emt 0:00:02]} Bf4 {[%emt 0:00:02]} 27. Rxb7 {[%emt 0:00:04]} Re8 {[%emt 0:00:08]} 28. g3 {[%emt 0:00:01]} Bg5 {[%emt 0:00:02]} 29. Rb6 {[%emt 0:00:02]} Rc7 {[%emt 0:00:06]} 30. Rxa6 {[%emt 0:00:01]} Rce7 {[%emt 0:00:01]} 31. h4 {[%emt 0:00:02]} Re1+ {[%emt 0:00:02]} 32. Kg2 {[%emt 0:00:00]} Bf6 {[%emt 0:00:03]} 33. Rc6 {[%emt 0:00:04]} Rb1 {[%emt 0:00:05]} 34. a6 {[%emt 0:00:01]} Ree1 {[%emt 0:00:02]} 35. a7 {[%emt 0:00:02]} Rg1+ {[%emt 0:00:05]} 36. Kf3 {[%emt 0:00:01]} Ra1 {[%emt 0:00:07]} 37. Rc8+ {[%emt 0:00:01]} Kh7 {[%emt 0:00:01]} 38. a8=Q {[%emt 0:00:00]} Rxa8 {[%emt 0:00:01]} 39. Rxa8 {[%emt 0:00:00]} Re1 {[%emt 0:00:04]} 40. Ra7 {[%emt 0:00:02]} Re5 {[%emt 0:00:01]} 41. Rxf7 {[%emt 0:00:01]} Kg6 {[%emt 0:00:00]} 42. Rd7 {[%emt 0:00:01]} Re8 {[%emt 0:00:03]} 43. Ne2 {[%emt 0:00:01]} Rc8 {[%emt 0:00:02]} 44. Nf4+ {[%emt 0:00:00]} Kh7 {[%emt 0:00:01]} 45. h5 {[%emt 0:00:00]} Rc4 {[%emt 0:00:01]} 46. Ng6 {[%emt 0:00:01]} Kg8 {[%emt 0:00:04]} 47. Rb7 {[%emt 0:00:03]} Kh7 {[%emt 0:00:01]} 48. Rb8 {[%emt 0:00:02]} Bxc3 {[%emt 0:00:06]} 49. Rh8# {[%emt 0:00:01] (Lag: Av=0.56s, max=1.3s) (Lag: Av=0.56s, max=1.3s) (Lag: Av=0.56s, max=1.3s)} 1-0

[Event "399 Stay Safe Play From Home series"]
[Site "Emanuel Lasker Arena"]
[Date "2020.08.20"]
[Round "6"]
[White "ionelluca"]
[Black "Matematyk3"]
[Result "1-0"]
[WhiteElo "2025"]
[BlackElo "1501"]
[PlyCount "51"]
[EventDate "2020.08.20"]
[EventType "swiss (blitz)"]

1. c4 {[%emt 0:00:03]} c5 {[%emt 0:00:27]} 2. Nc3 {[%emt 0:00:03]} d6 {[%emt 0:00:02]} 3. g3 {[%emt 0:00:01]} Nf6 {[%emt 0:00:01]} 4. Bg2 {[%emt 0:00:01]} g6 {[%emt 0:00:01]} 5. d3 {[%emt 0:00:01]} Bg7 {[%emt 0:00:02]} 6. Bd2 {[%emt 0:00:01]} Nc6 {[%emt 0:00:01]} 7. a3 {[%emt 0:00:01]} O-O {[%emt 0:00:02]} 8. Rb1 {[%emt 0:00:01]} a6 {[%emt 0:00:01]} 9. b4 {[%emt 0:00:01]} Rb8 {[%emt 0:00:09]} 10. bxc5 {[%emt 0:00:03]} dxc5 {[%emt 0:00:00]} 11. Bxc6 {[%emt 0:00:01]} bxc6 {[%emt 0:00:31]} 12. Rxb8 {[%emt 0:00:09]} h6 {[%emt 0:00:00]} 13. Rb1 {[%emt 0:00:04]} e5 {[%emt 0:00:10]} 14. Qc1 {[%emt 0:00:05]} e4 {[%emt 0:00:08]} 15. dxe4 {[%emt 0:00:03]} Be6 {[%emt 0:00:04]} 16. Nf3 {[%emt 0:00:09]} Bxc4 {[%emt 0:00:02]} 17. Bxh6 {[%emt 0:00:03]} Re8 {[%emt 0:00:13]} 18. Bxg7 {[%emt 0:00:02]} Kxg7 {[%emt 0:00:02]} 19. O-O {[%emt 0:00:01]} Nxe4 {[%emt 0:00:11]} 20. Nxe4 {[%emt 0:00:01]} Bxe2 {[%emt 0:00:01]} 21. Qb2+ {[%emt 0:00:05]} f6 {[%emt 0:00:09]} 22. Qxe2 {[%emt 0:00:03]} Qd5 {[%emt 0:00:12]} 23. Rb7+ {[%emt 0:00:02]} Kf8 {[%emt 0:00:06]} 24. Qd2 {[%emt 0:00:18]} Qxe4 {[%emt 0:00:07]} 25. Qh6+ {[%emt 0:00:01]} Kg8 {[%emt 0:00:08]} 26. Qg7# {[%emt 0:00:01] (Lag: Av=0.49s, max=1.1s) (Lag: Av=0.49s, max=1.1s) (Lag: Av=0.49s, max=1.1s)} 1-0

[Event "399 Stay Safe Play From Home series"]
[Site "Emanuel Lasker Arena"]
[Date "2020.08.20"]
[Round "6"]
[White "Padmaesh M K"]
[Black "Kongle"]
[Result "1-0"]
[WhiteElo "1791"]
[BlackElo "1808"]
[Annotator "NA"]
[PlyCount "79"]
[EventDate "2020.08.20"]
[EventType "swiss (blitz)"]

1. e4 {[%emt 0:00:02]} d5 {[%emt 0:00:09]} 2. exd5 {[%emt 0:00:03]} Qxd5 {[%emt 0:00:02]} 3. d4 {[%emt 0:00:00]} Nf6 {[%emt 0:00:02]} 4. Nc3 {[%emt 0:00:01]} Qd6 {[%emt 0:00:01]} 5. Nf3 {[%emt 0:00:01]} Bg4 {[%emt 0:00:02]} 6. Be2 {[%emt 0:00:02]} e6 {[%emt 0:00:01]} 7. O-O {[%emt 0:00:02]} Be7 {[%emt 0:00:01]} 8. Ne5 {[%emt 0:00:01]} Bxe2 {[%emt 0:00:03]} 9. Qxe2 {[%emt 0:00:00]} c6 {[%emt 0:00:01]} 10. Be3 {[%emt 0:00:03]} Nbd7 {[%emt 0:00:03]} 11. Nc4 {[%emt 0:00:03]} Qc7 {[%emt 0:00:02]} 12. Rad1 {[%emt 0:00:02]} h6 {[%emt 0:00:06]} 13. Qf3 {[%emt 0:00:01]} O-O {[%emt 0:00:03]} 14. Bf4 {[%emt 0:00:01]} Qd8 {[%emt 0:00:11]} 15. Rfe1 {[%emt 0:00:05]} Nd5 {[%emt 0:00:06]} 16. Nxd5 {[%emt 0:00:04]} cxd5 {[%emt 0:00:02]} 17. Ne5 {[%emt 0:00:02]} Nf6 {[%emt 0:00:04]} 18. Qe3 {[%emt 0:00:04]} Rc8 {[%emt 0:00:06]} 19. c3 {[%emt 0:00:02]} Ne4 {[%emt 0:00:11]} 20. Rd3 {[%emt 0:00:08]} Bg5 {[%emt 0:00:08]} 21. f3 {[%emt 0:00:12]} Bxf4 {[%emt 0:00:03]} 22. Qxf4 {[%emt 0:00:00]} Ng5 {[%emt 0:00:09]} 23. h4 {[%emt 0:00:05]} Nh7 {[%emt 0:00:01]} 24. Qg4 {[%emt 0:00:08]} Nf6 {[%emt 0:00:07]} 25. Qh3 {[%emt 0:00:04]} Nh5 {[%emt 0:00:03]} 26. Rde3 {[%emt 0:00:06]} Nf4 {[%emt 0:00:05]} 27. Qh2 {[%emt 0:00:03]} Nh5 {[%emt 0:00:18]} 28. g4 {[%emt 0:00:08]} Nf6 {[%emt 0:00:03]} 29. f4 {[%emt 0:00:01]} Ne4 {[%emt 0:00:03]} 30. g5 {[%emt 0:00:04]} hxg5 {[%emt 0:00:04]} 31. hxg5 {[%emt 0:00:00]} Nxg5 {[%emt 0:00:18]} 32. fxg5 {[%emt 0:00:02]} Qxg5+ {[%emt 0:00:01]} 33. Rg3 {[%emt 0:00:01]} Qf6 {[%emt 0:00:12]} 34. Rf1 {[%emt 0:00:04]} Qe7 {[%emt 0:00:02]} 35. Qh6 {[%emt 0:00:04]} f6 {[%emt 0:00:02]} 36. Ng6 {[%emt 0:00:12]} gxh6 {[%emt 0:00:01]} 37. Nxe7+ {[%emt 0:00:02]} Kf7 {[%emt 0:00:00]} 38. Ng6 {[%emt 0:00:02]} Rg8 {[%emt 0:00:01]} 39. Ne5+ {[%emt 0:00:02]} Ke7 {[%emt 0:00:02]} 40. Ng6+ {[%emt 0:00:02] Time Time Time (Lag: Av=0.63s, max=1.2s) (Lag: Av=0.63s, max=1.2s) (Lag: Av=0.63s, max=1.2s)} 1-0

[Event "399 Stay Safe Play From Home series"]
[Site "Emanuel Lasker Arena"]
[Date "2020.08.20"]
[Round "6"]
[White "Aerocot"]
[Black "Mepe_Nika"]
[Result "0-1"]
[WhiteElo "1664"]
[BlackElo "2330"]
[PlyCount "90"]
[EventDate "2020.08.20"]
[EventType "swiss (blitz)"]

1. d4 {[%emt 0:00:01]} d5 {[%emt 0:00:01]} 2. c4 {[%emt 0:00:00]} c6 {[%emt 0:00:01]} 3. Nc3 {[%emt 0:00:00]} Nf6 {[%emt 0:00:01]} 4. cxd5 {[%emt 0:00:01]} cxd5 {[%emt 0:00:00]} 5. Nf3 {[%emt 0:00:00]} Nc6 {[%emt 0:00:01]} 6. g3 {[%emt 0:00:00]} Bf5 {[%emt 0:00:02]} 7. Bg2 {[%emt 0:00:00]} e6 {[%emt 0:00:00]} 8. O-O {[%emt 0:00:02]} h6 {[%emt 0:00:01]} 9. a3 {[%emt 0:00:01]} Be7 {[%emt 0:00:01]} 10. Ne5 {[%emt 0:00:05]} Nxe5 {[%emt 0:00:02]} 11. dxe5 {[%emt 0:00:00]} Nd7 {[%emt 0:00:00]} 12. e4 {[%emt 0:00:03]} dxe4 {[%emt 0:00:01]} 13. Nxe4 {[%emt 0:00:06]} Nxe5 {[%emt 0:00:04]} 14. Bf4 {[%emt 0:00:07]} Bxe4 {[%emt 0:00:14]} 15. Bxe4 {[%emt 0:00:11]} Nc6 {[%emt 0:00:01]} 16. Bxc6+ {[%emt 0:00:04]} bxc6 {[%emt 0:00:01]} 17. Qa4 {[%emt 0:00:07]} Qb6 {[%emt 0:00:04]} 18. Rac1 {[%emt 0:00:14]} Rc8 {[%emt 0:00:01]} 19. b4 {[%emt 0:00:04]} O-O {[%emt 0:00:01]} 20. Be3 {[%emt 0:00:04]} Qb5 {[%emt 0:00:02]} 21. Qxa7 {[%emt 0:00:09]} Ra8 {[%emt 0:00:02]} 22. Qxe7 {[%emt 0:00:02]} Rxa3 {[%emt 0:00:01]} 23. Qc5 {[%emt 0:00:08]} Rd8 {[%emt 0:00:11]} 24. Qxc6 {[%emt 0:00:05]} Qh5 {[%emt 0:00:12]} 25. Qc7 {[%emt 0:00:14]} Rda8 {[%emt 0:00:09]} 26. b5 {[%emt 0:00:02]} Qxb5 {[%emt 0:00:02]} 27. Rb1 {[%emt 0:00:05]} Qe8 {[%emt 0:00:14]} 28. Bf4 {[%emt 0:00:05]} R3a7 {[%emt 0:00:25]} 29. Qxa7 {[%emt 0:00:03]} Rxa7 {[%emt 0:00:03]} 30. Rb8 {[%emt 0:00:01]} Qf8 {[%emt 0:00:02]} 31. Rxf8+ {[%emt 0:00:01]} Kxf8 {[%emt 0:00:00]} 32. Bd6+ {[%emt 0:00:01]} Ke8 {[%emt 0:00:01]} 33. Rb1 {[%emt 0:00:01]} f5 {[%emt 0:00:03]} 34. Be5 {[%emt 0:00:05]} Kf7 {[%emt 0:00:02]} 35. Rb6 {[%emt 0:00:07]} g5 {[%emt 0:00:01]} 36. f4 {[%emt 0:00:02]} Re7 {[%emt 0:00:04]} 37. Rc6 {[%emt 0:00:02]} Kg6 {[%emt 0:00:01]} 38. Rc7 {[%emt 0:00:01]} Re8 {[%emt 0:00:03]} 39. Kg2 {[%emt 0:00:09]} Ra8 {[%emt 0:00:03]} 40. Rg7+ {[%emt 0:00:03]} Kh5 {[%emt 0:00:01]} 41. fxg5 {[%emt 0:00:15]} hxg5 {[%emt 0:00:00]} 42. h4 {[%emt 0:00:01]} Ra2+ {[%emt 0:00:02]} 43. Kf1 {[%emt 0:00:01]} gxh4 {[%emt 0:00:03]} 44. gxh4 {[%emt 0:00:01]} Kxh4 {[%emt 0:00:02]} 45. Rg6 {[%emt 0:00:01]} Ra6 {[%emt 0:00:04] Time Time Time (Lag: Av=0.79s, max=1.8s) (Lag: Av=0.79s, max=1.8s) (Lag: Av=0.79s, max=1.8s) . . .} 0-1